000 00394nam a22001457a 4500
003 OSt
005 20251121103130.0
008 251121b |||||||| |||| 00| 0 eng d
020 _a0062700669
040 _cSALEM PRESS
050 _aPS 163 .N5 .M264 1992
245 _aMASTERPIECES OF AFRICAN- AMERICAN LITERATURE
_cMAGILL, FRANK N.
260 _aNEW YORK
_bSALEM PRESS
_c1992
942 _2ddc
_cBK
_n0
999 _c9844
_d9844